| 000 | 00685na a2200253 4500 | ||
|---|---|---|---|
| 001 | 14008 | ||
| 003 | MIRAKIL | ||
| 005 | 20181213154842.0 | ||
| 008 | 160908b tu 000 0 | ||
| 020 | _a9789750127434 | ||
| 035 | _a14008 | ||
| 040 |
_aMilas _btur _cTR-AnCHP |
||
| 082 |
_a923.5 Ağar,A. _bA32ö 2008 |
||
| 090 | _a923.5 Ağar,A. A32ö 2008 | ||
| 100 | _aAğar, Abdullah | ||
| 245 |
_aÖlüm dağları bekler _b"Cudi Dağı" |
||
| 246 | _a"Cudi Dağı" | ||
| 260 |
_aİstanbul _bKitaptürk _c2008 |
||
| 300 |
_a303 s. _bfotg. _c21 sm. |
||
| 600 |
_aAğar, Abdullah _xAnılar |
||
| 650 | _aAskerlik | ||
| 650 |
_aGüney Doğu olayları _xAnılar |
||
| 942 |
_2ddc _cBKS |
||
| 999 |
_c2010 _d2010 |
||